[Event "BC op"]
[Site "Richmond"]
[Date "2020.02.17"]
[Round "6.3"]
[White "Sali, Zulfikar"]
[Black "MacKinnon, Keith"]
[Result "0-1"]
[WhiteElo "2327"]
[BlackElo "2265"]
[PlyCount "170"]
[EventDate "2020.02.15"]
[EventType "swiss"]
[EventCountry "CAN"]

1. e4 d5 2. exd5 Qxd5 3. Nc3 Qd6 4. d4 Nf6 5. Nf3 c6 6. g3 Bg4 7. Bg2 e6 8. O-O
Nbd7 9. Bf4 Qb4 10. a3 Qb6 11. h3 Bh5 12. Re1 Be7 13. g4 Bg6 14. b4 O-O 15. Na4
Qd8 16. c4 Nb6 17. Ne5 Nxa4 18. Qxa4 Qxd4 19. Bg3 Rfd8 20. Rad1 Qc3 21. Rc1 Qd2
22. Qa5 Bd6 23. Rcd1 Qc3 24. c5 b6 25. cxb6 axb6 26. Qxb6 Nd5 27. Bxd5 cxd5 28.
Nxg6 Bxg3 29. Ne7+ Kf8 30. Nc6 Rd6 31. Rc1 Qf3 32. Rf1 Bf4 33. Rc2 Qxh3 34. f3
Qg3+ 35. Rg2 Rxc6 36. Qxc6 Be3+ 37. Rff2 Bxf2+ 38. Kf1 Qb8 39. Rxf2 Rxa3 40.
Qc5+ Ke8 41. Kg2 Rb3 42. Qc6+ Ke7 43. Qc5+ Qd6 44. Qd4 f6 45. Ra2 Qxb4 46. Qa7+
Kf8 47. Kg3 Qb8+ 48. Qxb8+ Rxb8 49. Ra7 Re8 50. Kf4 Re7 51. Ra6 Kf7 52. Ke3 Rd7
53. f4 d4+ 54. Kd3 e5 55. f5 e4+ 56. Kxe4 d3 57. Ra1 d2 58. Rd1 h5 59. gxh5 Kg8
60. Ke3 Kh7 61. Ke4 Kh6 62. Kf4 Rd6 63. Kf3 Rd7 64. Kf4 Rd8 65. Kf3 Kg5 66. Ke4
Kg4 67. Rg1+ Kxh5 68. Rd1 Kg4 69. Rg1+ Kh3 70. Rd1 Kg2 71. Ke3 Rd7 72. Ke2 Rd5
73. Ke3 Rxf5 74. Rxd2+ Kg3 75. Rd7 g5 76. Ke2 g4 77. Rf7 Kg2 78. Ke3 g3 79. Rb7
Rf3+ 80. Ke2 Rf2+ 81. Ke1 Kg1 82. Rg7 g2 83. Rh7 Rf5 84. Ke2 Re5+ 85. Kf3 Kf1
0-1

[Event "BC op"]
[Site "Richmond"]
[Date "2020.02.17"]
[Round "6.5"]
[White "Amerkeshev, Madiyar"]
[Black "Mohammed Qanee, Arpak Worya"]
[Result "1-0"]
[WhiteElo "2089"]
[BlackElo "2218"]
[PlyCount "77"]
[EventDate "2020.02.15"]
[EventType "swiss"]
[EventCountry "CAN"]

{[%evp 0,26,16,28,29,-16,8,43,78,49,65,62,65,65,65,49,49,85,96,60,57,74,69,46,
53,41,37,3,37]} 1. d4 Nf6 2. c4 c5 3. d5 b5 4. Nf3 bxc4 5. Nc3 d6 6. e4 g6 7.
e5 dxe5 8. Nxe5 Bg7 9. Qa4+ Bd7 10. Qxc4 O-O 11. Be2 Ne8 12. Bf4 Qb6 13. Nd3
Na6 14. Ne5 Bc8 15. O-O Nd6 16. Qd3 Nb4 17. Qd2 Bf5 18. Rac1 Bxe5 19. Bxe5 f6
20. Bf4 Ne4 21. Nxe4 Bxe4 22. d6 exd6 23. a3 Nc6 24. Bxd6 Rfd8 25. Qf4 Nd4 26.
Bc4+ Kg7 27. Bc7 Qb7 28. Bxd8 Rxd8 29. f3 Bd5 30. Kh1 Rd7 31. b4 Ne6 32. Qe3
Bxc4 33. Rxc4 Qd5 34. Re4 Kf7 35. Re1 Rd6 36. bxc5 Rc6 37. h3 g5 38. Rb4 Rxc5
39. Qxe6+ 1-0

[Event "BC op"]
[Site "Richmond"]
[Date "2020.02.17"]
[Round "6.6"]
[White "Kenney, Jason"]
[Black "Lehingrat, Callum"]
[Result "1-0"]
[WhiteElo "2257"]
[BlackElo "1988"]
[PlyCount "75"]
[EventDate "2020.02.15"]
[EventType "swiss"]
[EventCountry "CAN"]

1. d4 Nf6 2. Nc3 d5 3. Bf4 e6 4. e3 c5 5. Nb5 Na6 6. c3 Be7 7. Bd3 O-O 8. Nf3
b6 9. Ne5 Bb7 10. O-O Nb8 11. a4 Nc6 12. Qf3 a6 13. Na3 Bd6 14. Qh3 g6 15. Bh6
Nxe5 16. dxe5 Bxe5 17. Bxf8 Qxf8 18. Qh4 Nd7 19. Rfd1 c4 20. Bxc4 dxc4 21. Rxd7
Bc6 22. Rd2 b5 23. Rad1 Kg7 24. Rd8 Rxd8 25. Qxd8 Qc5 26. axb5 axb5 27. Nc2 Be4
28. Nd4 Bxh2+ 29. Kf1 Qh5 30. Nxe6+ fxe6 31. Rd7+ Kh6 32. Qf8+ Kg5 33. Qe7+ Kf5
34. f3 Bxf3 35. Qf7+ Kg5 36. Qxf3 Qh4 37. Rd4 Qh6 38. Rg4+ 1-0

[Event "BC op"]
[Site "Richmond"]
[Date "2020.02.17"]
[Round "6.7"]
[White "Hemstapat, Andrew"]
[Black "Shinn, Jungmin"]
[Result "1-0"]
[WhiteElo "2253"]
[BlackElo "1972"]
[PlyCount "133"]
[EventDate "2020.02.15"]
[EventType "swiss"]
[EventCountry "CAN"]

1. e4 e6 2. d4 d5 3. Nd2 c5 4. exd5 exd5 5. Ngf3 Nf6 6. Bb5+ Bd7 7. Bxd7+ Nbxd7
8. O-O Be7 9. dxc5 Nxc5 10. Nb3 Nce4 11. Nbd4 Qc8 12. h3 O-O 13. Bf4 a6 14. Re1
Re8 15. c3 Bd6 16. Qc1 Qc7 17. Bxd6 Qxd6 18. Nf5 Qb6 19. N3d4 Qc5 20. Qf4 Qf8
21. Re3 Kh8 22. Rae1 Nc5 23. Nd6 Rxe3 24. Rxe3 Rd8 25. N6f5 Nfe4 26. f3 Ne6 27.
Qe5 Nd6 28. Nxd6 Qxd6 29. Nxe6 fxe6 30. Qxe6 Qc5 31. Kh2 Qb5 32. Qe7 Rg8 33. b3
Qc6 34. h4 h6 35. g3 Rc8 36. Qf7 b5 37. Qf4 Qc5 38. Qe5 Rd8 39. f4 b4 40. c4
Qa5 41. Re2 Qb6 42. cxd5 Qc5 43. Rd2 Qc3 44. Qd4 Re8 45. Qf2 Re3 46. Re2 Rd3
47. Qg2 Qd4 48. d6 Kh7 49. h5 Qd5 50. Qxd5 Rxd5 51. Re5 Rxd6 52. Kh3 Rd7 53.
Re6 Rd5 54. Rxa6 Rxh5+ 55. Kg4 Rc5 56. Rb6 Ra5 57. Rxb4 Rxa2 58. f5 Rb2 59. Rb7
Rf2 60. b4 Rf1 61. b5 Rf2 62. b6 Rf1 63. Rc7 Rb1 64. b7 Rb4+ 65. Kh3 h5 66. f6
Kh6 67. f7 1-0

[Event "BC op"]
[Site "Richmond"]
[Date "2020.02.17"]
[Round "6.8"]
[White "Moura, Eduardo"]
[Black "Pitre, H. G.."]
[Result "1-0"]
[WhiteElo "2143"]
[BlackElo "1889"]
[PlyCount "79"]
[EventDate "2020.02.15"]
[EventType "swiss"]
[EventCountry "CAN"]

1. e4 d5 2. exd5 Nf6 3. d4 Bg4 4. Bb5+ Nbd7 5. Be2 Bxe2 6. Qxe2 Nxd5 7. Nf3 e6
8. O-O Be7 9. c4 N5f6 10. Nc3 O-O 11. Re1 Bb4 12. Bd2 Re8 13. Rad1 c6 14. a3
Bxc3 15. Bxc3 Qc7 16. Ne5 Nxe5 17. dxe5 Nd7 18. Rd6 Nf8 19. Red1 Rac8 20. h4 c5
21. h5 b6 22. R1d3 Qe7 23. Qg4 h6 24. Bd2 Kh7 25. Qe4+ Kh8 26. f4 Rc7 27. Bc3
Qh4 28. Qf3 Qe7 29. Qd1 Kg8 30. g3 g6 31. a4 Kh7 32. a5 gxh5 33. axb6 axb6 34.
Qxh5 Ng6 35. Kf2 Rb7 36. Rd1 Qf8 37. Rh1 Ra8 38. f5 Ne7 39. g4 exf5 40. Rxh6+
1-0

[Event "BC op"]
[Site "Richmond"]
[Date "2020.02.17"]
[Round "6.9"]
[White "Brown, Gabriel"]
[Black "Leong, Ryan"]
[Result "0-1"]
[WhiteElo "2061"]
[BlackElo "1823"]
[PlyCount "164"]
[EventDate "2020.02.15"]
[EventType "swiss"]
[EventCountry "CAN"]

1. c4 Nf6 2. Nc3 c5 3. Nf3 Nc6 4. d4 cxd4 5. Nxd4 d6 6. e4 Bd7 7. Be2 g6 8. O-O
Bg7 9. Be3 Rc8 10. Qd2 O-O 11. f3 a6 12. Rfd1 Ne5 13. b3 Nc6 14. Rac1 Nxd4 15.
Bxd4 Be6 16. h3 Re8 17. f4 Qa5 18. g4 b5 19. f5 b4 20. fxe6 bxc3 21. exf7+ Kxf7
22. Bxc3 Qc5+ 23. Bd4 Qc7 24. Rf1 Kg8 25. Bf3 Nd7 26. Bg2 a5 27. h4 Bxd4+ 28.
Qxd4 Qc5 29. Rcd1 Ne5 30. Qxc5 Rxc5 31. g5 a4 32. Bh3 axb3 33. axb3 Rb8 34.
Be6+ Kg7 35. Ra1 h6 36. Ra7 hxg5 37. hxg5 Nc6 38. Rf7+ Kh8 39. Ra2 Rxg5+ 40.
Kf1 Nd4 41. Rxe7 Rf8+ 42. Rf2 Rxf2+ 43. Kxf2 Re5 44. Re8+ Kg7 45. Bd7 Rxe8 46.
Bxe8 Nxb3 47. Ke3 g5 48. Ba4 Nc5 49. Bd1 Ne6 50. Bg4 Kf6 51. Bh3 Ke5 52. Bg4
Nc5 53. Bf3 Nd7 54. Bg4 Nf6 55. Bf3 Ng8 56. Bg4 Ne7 57. Bh5 Nc6 58. Bg4 Nd4 59.
Bd1 Ne6 60. Bg4 Nd8 61. Bf3 Nf7 62. Bh5 Nh6 63. Bf3 Ng8 64. Bg4 Nf6 65. Bf3 g4
66. Be2 g3 67. Bf3 Nd7 68. Bg2 Nc5 69. Bf3 Nb3 70. Bg2 Nd4 71. Bf1 Nc2+ 72. Kf3
g2 73. Kxg2 Ne3+ 74. Kf2 Nxf1 75. Kxf1 Kxe4 76. Ke2 Kd4 77. c5 Kxc5 78. Kd3 Kd5
79. Ke3 Kc4 80. Ke2 Kc3 81. Kd1 Kd3 82. Ke1 d5 0-1

[Event "BC op"]
[Site "Richmond"]
[Date "2020.02.17"]
[Round "6.10"]
[White "Luu, Tran Nguyen Khoi"]
[Black "Salcedo, Daniel E."]
[Result "1/2-1/2"]
[WhiteElo "1672"]
[BlackElo "2020"]
[PlyCount "106"]
[EventDate "2020.02.15"]
[EventType "swiss"]
[EventCountry "CAN"]

1. Nf3 Nf6 2. c4 g6 3. b3 Bg7 4. Bb2 O-O 5. e3 c5 6. Be2 Nc6 7. O-O a6 8. Nc3
e5 9. d3 Rb8 10. Nd5 d6 11. e4 Nxd5 12. exd5 Ne7 13. Nd2 Nf5 14. Bg4 Bh6 15.
Bc1 Nd4 16. Bxc8 Rxc8 17. Nf3 Bxc1 18. Rxc1 Nxf3+ 19. Qxf3 f5 20. Qe2 g5 21.
Rb1 a5 22. a3 Qf6 23. b4 axb4 24. axb4 b6 25. bxc5 bxc5 26. Rb7 Rf7 27. Qb2
Rcf8 28. Rb1 Qg6 29. Rxf7 Rxf7 30. Qe2 h5 31. f3 g4 32. Rb8+ Rf8 33. Rxf8+ Kxf8
34. Kf2 Qg5 35. g3 gxf3 36. Qxf3 Kg7 37. Qe3 Qxe3+ 38. Kxe3 h4 39. gxh4 Kg6 40.
Kf3 Kh6 41. Kg2 f4 42. Kh3 Kh5 43. Kg2 Kxh4 44. h3 Kh5 45. Kf3 Kg5 46. Kf2 Kh4
47. Kg2 f3+ 48. Kxf3 Kxh3 49. Ke4 Kg4 50. Ke3 Kf5 51. Kf3 Kg5 52. Kg3 Kf5 53.
Kf3 Kg5 1/2-1/2